| 000 | 00668nam a22002177a 4500 | ||
|---|---|---|---|
| 003 | OSt | ||
| 005 | 20210220124352.0 | ||
| 008 | 210220b ||||| |||| 00| 0 eng d | ||
| 020 | _a9781133279082 | ||
| 020 | _a1133279082 | ||
| 040 |
_aPHNSL _cPHNSL |
||
| 100 | _aMaville, Janice A. | ||
| 245 |
_aHealth promotion in nursing / _cJanice A. Maville, Carolina G. Huerta. |
||
| 250 |
_a3rd ed. _b international ed. |
||
| 260 |
_aAustralia : _bDelmar, Cengage Learning, _c 2013. |
||
| 300 |
_axix, 506 p. : _bill. |
||
| 504 | _aIncludes bibliographical references and index | ||
| 650 |
_aNursing _vHealth education |
||
| 700 | _aHuerta, Carolina G. | ||
| 942 |
_2lcc _cBK |
||
| 999 |
_c495 _d495 |
||